Football Teams Radamel Falcao Played For - Statistics

General Stats
  • This quiz has been taken 41 times
  • The average score is 8 of 9
Answer Stats
League Years Team % Correct
France 2013-2014 AS Monaco
100%
France 2016-2019 AS Monaco
100%
England 2015-2016 Chelsea FC
91%
Portugal 2009-2011 FC Porto
91%
England 2014-2015 Manchester United
83%
Spain 2011-2013 Atlético de Madrid
80%
Turkey 2019-2021 Galatasaray SK
77%
Argentina 2005-2009 CA River Plate
74%
Spain 2021- Rayo Vallecano
69%
No matching quizzes found
Score Distribution
Percent of People with Each Score
Percentile by Number Answered
Your Score History
You have not taken this quiz